| 000 | 00363nam a2200169Ia 4500 | ||
|---|---|---|---|
| 100 | _aGabel/Robert A/ Roberts/R.A | ||
| 650 | _aSignals | ||
| 250 | _a3 | ||
| 942 | _cBK | ||
| 366 | _f25 | ||
| 654 | _asignal | ||
| 245 | _aSignals and Linear systems | ||
| 260 |
_bWiley student edition _c2009 |
||
| 082 |
_a621.382 _bGAB |
||
| 300 | _a470 | ||
| 546 | _aENGLISH | ||
| 999 |
_c32789 _d32789 |
||